De la autonomía a la pasividad: reflexiones en torno al sujeto moral.
Gespeichert in:
| 1. Verfasser: | |
|---|---|
| Format: | Unbekannt |
| Sprache: | Englisch |
| Veröffentlicht: |
Bogotá, D.C., Colombia:
Pontificia Universidad javeriana
2005.
|
| Ausgabe: | Segunda edición. |
| Schriftenreihe: | Colección Fe y Universidad,
|
| Schlagworte: | |
| Tags: |
Tag hinzufügen
Keine Tags, Fügen Sie den ersten Tag hinzu!
|
MARC
| LEADER | 00000 a2200000 4500 | ||
|---|---|---|---|
| 003 | CL-VaPUC | ||
| 005 | 20230418100804.0 | ||
| 008 | 230414t2005 ||||| |||| 00| 0 eng d | ||
| 999 | |c 439681 |d 439679 | ||
| 020 | |a 978-958-683-734-3 | ||
| 040 | |c Pontificia Universidad Católica de Valparaíso | ||
| 082 | |2 22 |a 241 LOP 2005 | ||
| 100 | |a López López, Edgar Antonio |9 879306 |e autor | ||
| 245 | |a De la autonomía a la pasividad: |b reflexiones en torno al sujeto moral. | ||
| 250 | |a Segunda edición. | ||
| 260 | |a Bogotá, D.C., Colombia: |b Pontificia Universidad javeriana |c 2005. | ||
| 300 | |a 111 páginas. | ||
| 490 | |a Colección Fe y Universidad, |n 14. | ||
| 583 | |k GC |c 20230414 | ||
| 650 | 0 | |9 308336 |a Teología cristiana |x Filosofía moral |x Metafísica | |
| 650 | 0 | |9 256617 |a Teología moral |x Ética cristiana | |
| 942 | |2 ddc |c BK | ||
| 952 | |0 0 |1 0 |2 ddc |4 0 |6 241_000000000000000_LOP_2005 |7 0 |8 A |9 589466 |a BIBTEO |b BIBTEO |c GEN |d 2023-04-05 |e 178 |g 7033.11 |i 5656987 |o 241 LOP 2005 |p 5656987 |r 2025-01-17 |t 1 |v 7033.11 |w 2023-04-05 |y BK |k ICR | ||